000 01281nam a22003737a 4500
003 DO-SdBNP
005 20240314191552.0
007 ta
008 110301s1992 dr c 000 0 spa d
040 _aDO-SdBNP
_bspa
_cBNPHU
082 _a344.7293
_bR332l
245 0 3 _aLa reforma laboral dominicana /
_cRafael Alburquerque...[et. al]
260 _aSanto Domingo :
_bCEDEMPRESA,
_c1992.
300 _a149 p. :
_c22 cm.
490 1 _aDerecho y empresa ;
490 1 _aLaboral ;
_v1 ;
590 _aInventariado, 2022/ YL
650 4 _aLeyes y legislación laboral
_zRepública Dominicana
_981711
700 1 2 _aAlburquerque, Rafael
_981450
700 2 _aHernández Rueda, Lupo,
_d1930-2017
_923790
700 1 2 _aMilton Ray Guevara
_d1948-
_978143
700 1 2 _aEstrella Sahdalá, César
_965295
700 1 2 _aRamírez Lamarche, Hugo
_981712
700 1 2 _aTavares, Manuel Enrique
_981713
700 1 2 _aPérez, Nicasio
_981714
700 1 2 _aCampillo C., Rosa
_981715
700 1 2 _aRamos Messina, Wellington
_981716
700 1 2 _aRío Doñe, Gabriel del
_981717
710 _aCentro de Investigación y Estudio de Derecho Empresarial (CEDEMPRESA)
_981721
830 0 _pDerecho y empresa
_981718
830 0 _pLaboral
_n1
_981719
910 _aYLockward
942 _2ddc
_cLBS1
999 _c51835
_d51835